| 000 | 00564cam a22002171 4500 | ||
|---|---|---|---|
| 001 | ne 62000378 | ||
| 003 | DLC | ||
| 005 | 20260227111735.0 | ||
| 008 | 890904q19001989tu 000 0 tur | ||
| 010 | _ane 62000378 | ||
| 035 | _a(OCoLC)23547072 | ||
| 040 |
_aDLC _cMiU _dDLC |
||
| 042 | _apremarc | ||
| 050 | 0 | 0 |
_aDR432 _b.U8 |
| 100 | 1 |
_aUşakügil, Halid Ziya, _d1869-1945. |
|
| 245 | 1 | 0 | _aSanata dair. |
| 260 |
_aİstanbul, _bMaarif Basimevi, _c19 |
||
| 300 |
_av. _c24 cm. |
||
| 505 | 1 | _a3. Türk şair ve edipieri. | |
| 651 | 0 |
_aTurkey _xIntellectual life. |
|
| 999 |
_c45048 _d45048 |
||